[Event "72nd ch-RUS w 2022"]
[Site "Cheboksary RUS"]
[Date "2022.09.19"]
[Round "8.1"]
[White "Garifullina, Leya"]
[Black "Yakimova, Mariya"]
[Result "1-0"]
[WhiteTitle "IM"]
[BlackTitle "WFM"]
[WhiteElo "2375"]
[BlackElo "2252"]
[WhiteFideId "34127035"]
[BlackFideId "34188859"]
[EventDate "2022.09.11"]

1. e4 c5 2. Nf3 Nc6 3. Bb5 e6 4. O-O Nge7 5. d4 cxd4 6. Nxd4 Ng6 7. Be2 Be7 8.
Be3 O-O 9. c4 Nxd4 10. Bxd4 b6 11. Nc3 Bb7 12. Re1 Bc6 13. Bf1 Qb8 14. a3 Qb7
15. b4 f5 16. b5 Bxe4 17. f3 d5 18. fxe4 dxe4 19. Qb3 Qc7 20. Kh1 Bd6 21. Bg1
Ne5 22. c5 bxc5 23. Qxe6+ Kh8 24. Nd5 Qb8 25. Rad1 c4 26. Ne3 Rf6 27. Qd5 c3 28.
Nxf5 Rxf5 29. Qxd6 c2 30. Qxb8+ Rxb8 31. Rd4 Rc8 32. Rc1 h6 33. Rxe4 Rxf1 34.
Rxf1 Nd3 35. Be3 c1=Q 36. Bxc1 Nf2+ 37. Kg1 Nxe4 38. Be3 Nc3 39. a4 Rc7 40. Ra1
Re7 41. Bf2 Rb7 42. Be1 Ne4 43. Rc1 Kh7 44. Rc4 Nd6 45. Rd4 Nf5 46. Rd5 Ne3 47.
Rc5 Rf7 48. Bf2 Ng4 49. Bg3 Ne3 50. Rc1 Nd5 51. h3 Kg6 52. Rc5 Rd7 53. Bb8 Ne3
54. Rc7 Rd2 55. Bxa7 Rxg2+ 56. Kh1 Rg3 57. Bxe3 Rxh3+ 58. Kg2 Rxe3 59. b6 Rb3
60. b7 Rb2+ 61. Kf3 Rb3+ 62. Ke2 h5 63. a5 h4 64. a6 h3 65. a7 Rb2+ 66. Kf3 h2
67. Rc1 1-0

[Event "72nd ch-RUS w 2022"]
[Site "Cheboksary RUS"]
[Date "2022.09.19"]
[Round "8.2"]
[White "Guseva, Marina"]
[Black "Ovod, Evgenija"]
[Result "1/2-1/2"]
[WhiteTitle "IM"]
[BlackTitle "IM"]
[WhiteElo "2363"]
[BlackElo "2323"]
[WhiteFideId "4149351"]
[BlackFideId "4131827"]
[EventDate "2022.09.11"]

1. d4 d5 2. c4 e6 3. Nf3 Nf6 4. g3 dxc4 5. Bg2 Bd7 6. Ne5 Bc6 7. Nxc6 Nxc6 8.
O-O Qd7 9. e3 Rd8 10. Qe2 e5 11. Qxc4 exd4 12. Qb5 Rb8 13. Rd1 a6 14. Qf1 Bd6
15. exd4 O-O 16. Nc3 Rfe8 17. Bh3 Qd8 18. Qc4 h6 19. Qd3 Nb4 20. Qf5 c6 21. Bg2
Qc8 22. Qxc8 Rbxc8 23. a3 Nbd5 24. Bd2 Nb6 25. Rac1 Rcd8 26. Rc2 Bb8 27. Bc1 Ba7
28. Bf3 Re7 29. Kg2 Red7 30. Be3 Nc4 31. Ne2 Nxe3+ 32. fxe3 Re7 33. Kf2 Ne4+ 34.
Bxe4 Rxe4 35. Nc3 Re7 36. b4 f5 37. Na4 g5 38. Nc5 Kf7 39. Rd3 Rd6 40. h3 h5 41.
Rcd2 Bxc5 42. dxc5 Rde6 43. Rc3 Re4 44. Rd6 h4 45. gxh4 Rxh4 46. Kg2 Rhe4 47.
Kf2 Rh4 48. Kg2 Rhe4 49. Kf2 1/2-1/2

[Event "72nd ch-RUS w 2022"]
[Site "Cheboksary RUS"]
[Date "2022.09.19"]
[Round "8.3"]
[White "Pogonina, Natalija"]
[Black "Galliamova, Alisa"]
[Result "0-1"]
[WhiteTitle "WGM"]
[BlackTitle "IM"]
[WhiteElo "2453"]
[BlackElo "2421"]
[WhiteFideId "4147855"]
[BlackFideId "4129725"]
[EventDate "2022.09.11"]

1. d4 Nf6 2. Nf3 e6 3. c4 d5 4. Nc3 c6 5. e3 Nbd7 6. Qc2 Bd6 7. Bd3 O-O 8. O-O
dxc4 9. Bxc4 b5 10. Be2 Qc7 11. Bd2 Re8 12. Rac1 a6 13. Ne4 Nxe4 14. Qxe4 Bb7
15. Qh4 e5 16. Bd3 h6 17. Bb1 a5 18. a3 a4 19. Rfd1 Qb6 20. Bf5 Rad8 21. Bc3
exd4 22. Bxd4 Qc7 23. Bxd7 Rxd7 24. Qg4 Bf8 25. Bc3 Rxd1+ 26. Rxd1 Bc8 27. Qh4
c5 28. h3 Bf5 29. Rd5 Qc8 30. Ne5 Be6 31. Rd1 Bb3 32. Re1 b4 33. axb4 cxb4 34.
Bd4 Qf5 35. Qg3 Qg5 36. Ng4 Qg6 37. Qc7 Qd6 38. Qa7 h5 39. Nh2 a3 40. bxa3 bxa3
41. Ba1 a2 42. Nf3 Bd5 43. Qa4 Qc6 44. Qf4 Qg6 45. Kh1 Qb1 46. Rg1 Rc8 47. Nd2
Rc1 0-1

[Event "72nd ch-RUS w 2022"]
[Site "Cheboksary RUS"]
[Date "2022.09.19"]
[Round "8.4"]
[White "Goltseva, Ekaterina"]
[Black "Bivol, Alina"]
[Result "0-1"]
[WhiteTitle "FM"]
[BlackTitle "IM"]
[WhiteElo "2275"]
[BlackElo "2366"]
[WhiteFideId "24173770"]
[BlackFideId "4100123"]
[EventDate "2022.09.11"]

1. d4 e6 2. c4 b6 3. e4 Bb4+ 4. Bd2 Bxd2+ 5. Qxd2 d5 6. Bd3 Nc6 7. cxd5 exd5 8.
Nf3 Nge7 9. exd5 Nxd5 10. O-O Nce7 11. Nc3 O-O 12. Rfe1 Nxc3 13. bxc3 Bb7 14.
Re3 g6 15. Ne5 Kg7 16. Rh3 Ng8 17. Re1 c5 18. Be4 Rb8 19. Rd3 c4 20. Rh3 Bd5 21.
Ree3 Re8 22. Bb1 b5 23. Qc2 Rb6 24. f4 b4 25. f5 bxc3 26. fxg6 hxg6 27. Rhg3
Ree6 28. Re1 Qb8 29. Rf1 Rf6 30. Nf3 Rb2 31. Qc1 Qb6 32. Qd1 Bxf3 33. Rgxf3 Rxf3
34. gxf3 Rd2 35. Qe1 Qxd4+ 36. Kh1 c2 0-1

[Event "72nd ch-RUS w 2022"]
[Site "Cheboksary RUS"]
[Date "2022.09.19"]
[Round "8.5"]
[White "Gunina, Valentina"]
[Black "Charochkina, Daria"]
[Result "1-0"]
[WhiteTitle "GM"]
[BlackTitle "IM"]
[WhiteElo "2469"]
[BlackElo "2348"]
[WhiteFideId "4167570"]
[BlackFideId "4180917"]
[EventDate "2022.09.11"]

1. d4 d5 2. c4 e6 3. Nf3 a6 4. cxd5 exd5 5. Nc3 Nf6 6. Bg5 Be6 7. e3 Nbd7 8. Bd3
Bd6 9. O-O c6 10. Qd2 Qc7 11. Rfe1 O-O 12. e4 dxe4 13. Nxe4 Nxe4 14. Rxe4 Rfe8
15. Rae1 Nf8 16. h4 Qd7 17. Qe2 f6 18. Bd2 Bf7 19. b3 Rxe4 20. Bxe4 Re8 21. Qd3
Bd5 22. Bxd5+ cxd5 23. h5 Rxe1+ 24. Nxe1 h6 25. Qf3 Bc7 26. Nc2 Ne6 27. Qg4 Nf8
28. Qf3 Ne6 29. g3 Bb6 30. Be3 Kf7 31. Kg2 Ng5 32. Bxg5 hxg5 33. Qd3 Qe6 34.
Qg6+ Kf8 35. Ne3 Qe4+ 36. Qxe4 dxe4 37. Nf5 Bc7 38. Kf1 Kf7 39. Ke2 g6 40. hxg6+
Kxg6 41. g4 Bf4 42. d5 Kf7 43. Ng3 Ke7 44. Nxe4 Bd6 45. Kd3 Ba3 46. Kc4 b5+ 47.
Kc3 a5 48. Kd4 Kd8 49. d6 1-0

[Event "72nd ch-RUS w 2022"]
[Site "Cheboksary RUS"]
[Date "2022.09.19"]
[Round "8.6"]
[White "Zhapova, Yana"]
[Black "Girya, Olga"]
[Result "1/2-1/2"]
[WhiteTitle "FM"]
[BlackTitle "GM"]
[WhiteElo "2205"]
[BlackElo "2395"]
[WhiteFideId "24278670"]
[BlackFideId "4195752"]
[EventDate "2022.09.11"]

1. e4 e5 2. Nf3 Nc6 3. Bb5 Nf6 4. O-O Nxe4 5. Re1 Nd6 6. Nxe5 Be7 7. Bf1 Nxe5 8.
Rxe5 O-O 9. d4 Bf6 10. Re1 Re8 11. c3 Rxe1 12. Qxe1 Ne8 13. Bf4 d5 14. Nd2 Bf5
15. Nf3 Nd6 16. Ne5 Bg5 17. Qe3 Bxf4 18. Qxf4 f6 19. Nd3 Qf8 20. Re1 Re8 21. Re3
Rxe3 22. Qxe3 Qe8 23. Qxe8+ Nxe8 24. Nf4 c6 25. Bd3 Bxd3 26. Nxd3 1/2-1/2

[Event "72nd ch-RUS w 2022"]
[Site "Cheboksary RUS"]
[Date "2022.09.20"]
[Round "9.1"]
[White "Girya, Olga"]
[Black "Garifullina, Leya"]
[Result "1-0"]
[WhiteTitle "GM"]
[BlackTitle "IM"]
[WhiteElo "2395"]
[BlackElo "2375"]
[WhiteFideId "4195752"]
[BlackFideId "34127035"]
[EventDate "2022.09.11"]

1. Nf3 d5 2. g3 Nf6 3. Bg2 e6 4. O-O Be7 5. d3 O-O 6. Bf4 c5 7. e4 Nc6 8. a4 Nh5
9. Bd2 Nf6 10. Bf4 Nh5 11. Bd2 Nf6 12. e5 Nd7 13. Re1 Qc7 14. Bf4 b6 15. Nc3 Ba6
16. Nb5 Qd8 17. h4 Bb7 18. Qd2 a6 19. Nc3 Re8 20. h5 h6 21. Bh3 Nf8 22. Bg2 Rc8
23. Rad1 Qd7 24. Ra1 b5 25. axb5 axb5 26. Nxb5 Nxe5 27. Nxe5 Qxb5 28. c4 Qb6 29.
Qa5 Bd8 30. Qxb6 Bxb6 31. cxd5 Bxd5 32. Nc4 Bxc4 33. dxc4 Bc7 34. Bd2 Nd7 35.
Ra7 Nf6 36. Bf3 e5 37. Be3 e4 38. Be2 Be5 39. Rb1 Bd6 40. Rd1 Be5 41. Ra5 Bxb2
42. Rxc5 Ba3 43. Rb5 Bf8 44. Ra1 Rc7 45. Ra7 Rxa7 46. Bxa7 Nd7 47. Bd4 Rc8 48.
Be3 Nc5 49. Bg4 Rc7 50. Bf5 Rc6 51. Rb8 g5 52. hxg6 fxg6 53. Bxg6 Kg7 54. Be8
Rc7 55. Bd4+ Kh7 56. Be5 Re7 57. Bf4 Ra7 58. Bc6 Be7 59. Be3 Kg7 60. Bd4+ Kg6
61. Rb5 1-0

[Event "72nd ch-RUS w 2022"]
[Site "Cheboksary RUS"]
[Date "2022.09.20"]
[Round "9.2"]
[White "Charochkina, Daria"]
[Black "Zhapova, Yana"]
[Result "1/2-1/2"]
[WhiteTitle "IM"]
[BlackTitle "FM"]
[WhiteElo "2348"]
[BlackElo "2205"]
[WhiteFideId "4180917"]
[BlackFideId "24278670"]
[EventDate "2022.09.11"]

1. d4 d5 2. c4 e6 3. Nc3 Nf6 4. cxd5 exd5 5. Bg5 c6 6. e3 h6 7. Bh4 Be7 8. Bd3
Ne4 9. Bxe7 Qxe7 10. Bxe4 dxe4 11. Qc2 f5 12. Nge2 O-O 13. Nf4 Kh7 14. h4 Re8
15. O-O-O Na6 16. Kb1 b5 17. d5 Bd7 18. dxc6 Bxc6 19. Nce2 Rac8 20. Qd2 Red8 21.
Qa5 Nb4 22. Rxd8 Rxd8 23. Rc1 Bd5 24. a3 Nd3 25. Rc7 Qxh4 26. Ng3 Qg4 27. Nfe2
Rd6 28. Qxa7 Rg6 29. Qb8 Bc4 30. Rc8 Re6 31. Rh8+ Kg6 32. Rf8 Kh7 33. Rh8+ Kg6
34. Qc7 Qg5 35. Nd4 Rf6 36. Nc6 Rf7 37. Qd6+ Qf6 38. Qxf6+ Kxf6 39. Rd8 g6 40.
f3 exf3 41. gxf3 Rc7 42. Rd6+ Kg7 43. e4 fxe4 44. fxe4 Nf4 45. Nd4 h5 46. Nf3
Bb3 47. e5 Bd5 48. Nh4 Bf7 49. Nf3 Bd5 50. Nh4 Bf7 51. Nf3 Bd5 1/2-1/2

[Event "72nd ch-RUS w 2022"]
[Site "Cheboksary RUS"]
[Date "2022.09.20"]
[Round "9.3"]
[White "Bivol, Alina"]
[Black "Gunina, Valentina"]
[Result "0-1"]
[WhiteTitle "IM"]
[BlackTitle "GM"]
[WhiteElo "2366"]
[BlackElo "2469"]
[WhiteFideId "4100123"]
[BlackFideId "4167570"]
[EventDate "2022.09.11"]

1. d4 d5 2. c4 c6 3. Nf3 Nf6 4. g3 Bf5 5. Nc3 e6 6. Nh4 dxc4 7. Nxf5 exf5 8. e3
Nbd7 9. Bxc4 Nb6 10. Bb3 Qd7 11. Qd3 h5 12. Bd2 h4 13. O-O-O Bb4 14. f3 O-O-O
15. gxh4 Rxh4 16. Be1 Rh6 17. Bg3 Re8 18. Bf4 Rh3 19. Bc2 g6 20. Qf1 Rh5 21. Be5
Nfd5 22. Nxd5 Nxd5 23. Qg1 f6 24. e4 Rg5 25. Qf2 fxe5 26. exd5 Qxd5 27. Bb3 Qd6
28. dxe5 Qxe5 29. f4 Bc5 30. Qd2 Qc7 31. Rhe1 Rxe1 32. Rxe1 Rg1 33. Rxg1 Bxg1
34. Be6+ Kb8 35. Kb1 a6 36. a3 Ka7 37. Qg2 Bd4 38. Qxg6 Qxf4 39. Qg2 Qe5 40. Bb3
Qe1+ 41. Ka2 f4 42. Bf7 Qe5 43. Bc4 Qf6 44. Qc2 f3 45. Bf1 f2 46. h3 Qe6+ 47.
Qc4 Qe5 48. Qe2 Qf4 49. Qd3 c5 50. Qd1 Qf7+ 51. Qb3 Qg7 52. Qd5 Qc7 53. Bg2 a5
54. a4 Qb6 55. Qb3 Qa6 56. Qf3 c4 57. Qe4 Qb6 58. Qc2 Qe6 59. Qd1 c3+ 60. b3 Qe3
61. Kb1 c2+ 62. Qxc2 Qe1+ 63. Qc1 Be3 0-1

[Event "72nd ch-RUS w 2022"]
[Site "Cheboksary RUS"]
[Date "2022.09.20"]
[Round "9.4"]
[White "Galliamova, Alisa"]
[Black "Goltseva, Ekaterina"]
[Result "1/2-1/2"]
[WhiteTitle "IM"]
[BlackTitle "FM"]
[WhiteElo "2421"]
[BlackElo "2275"]
[WhiteFideId "4129725"]
[BlackFideId "24173770"]
[EventDate "2022.09.11"]

1. d4 Nf6 2. c4 e6 3. g3 d5 4. Bg2 dxc4 5. Nf3 a6 6. O-O Nc6 7. Bg5 Be7 8. e3
O-O 9. Nbd2 e5 10. Nxc4 exd4 11. Nxd4 Nxd4 12. Qxd4 Qxd4 13. exd4 c6 14. Nb6 Ra7
15. Nxc8 Rxc8 16. Rfe1 Kf8 17. Bd2 a5 18. a4 Rd8 19. Re5 Bb4 20. Bg5 Rd6 21. Rc1 1/2-1/2

[Event "72nd ch-RUS w 2022"]
[Site "Cheboksary RUS"]
[Date "2022.09.20"]
[Round "9.5"]
[White "Ovod, Evgenija"]
[Black "Pogonina, Natalija"]
[Result "0-1"]
[WhiteTitle "IM"]
[BlackTitle "WGM"]
[WhiteElo "2323"]
[BlackElo "2453"]
[WhiteFideId "4131827"]
[BlackFideId "4147855"]
[EventDate "2022.09.11"]

1. e4 e5 2. Nf3 Nc6 3. Bc4 Bc5 4. O-O Nf6 5. d3 a6 6. a4 h6 7. c3 Ba7 8. Nbd2
O-O 9. Re1 d6 10. Nf1 Be6 11. Bxe6 fxe6 12. b4 Qe8 13. Be3 Bxe3 14. Rxe3 d5 15.
b5 axb5 16. axb5 Rxa1 17. Qxa1 dxe4 18. dxe4 Ne7 19. c4 Ng6 20. h3 Nd7 21. g3
Qe7 22. N1d2 Qc5 23. Rd3 Qe7 24. h4 Nc5 25. Re3 Rd8 26. h5 Nh8 27. Qxe5 Nf7 28.
Qc3 Ng5 29. Kg2 Nxf3 30. Nxf3 Qf7 31. Qe5 Nd3 32. Qc3 Nc5 33. Qe5 Nd3 34. Qa1
Qxh5 35. Qa3 Nc5 36. Qa1 b6 37. Re1 Rd3 38. Ne5 Rd2 39. Nf3 Rd3 40. Ne5 Rd2 41.
Nf3 Rd8 42. Rh1 Qg6 43. Rh4 Rf8 44. Ne5 Qe8 45. Qd4 Qd8 46. Qe3 Qf6 47. Ng4 Qg5
48. f4 Qd8 49. Nf2 Qa8 50. Rh1 Rd8 51. Qe2 Rd4 52. Rd1 Qd8 53. Kf3 Rxd1 54. Qxd1
Qa8 55. Qd4 Kh7 56. Kg4 Qa2 57. Kf3 Nb3 58. Qd7 Nd2+ 59. Kg4 Nxc4 60. Qxc7 0-1

[Event "72nd ch-RUS w 2022"]
[Site "Cheboksary RUS"]
[Date "2022.09.20"]
[Round "9.6"]
[White "Yakimova, Mariya"]
[Black "Guseva, Marina"]
[Result "0-1"]
[WhiteTitle "WFM"]
[BlackTitle "IM"]
[WhiteElo "2252"]
[BlackElo "2363"]
[WhiteFideId "34188859"]
[BlackFideId "4149351"]
[EventDate "2022.09.11"]

1. d4 d5 2. c4 c6 3. Nf3 Nf6 4. Nc3 e6 5. Qd3 dxc4 6. Qxc4 b5 7. Qd3 a6 8. g4 c5
9. g5 c4 10. Qe3 Nd5 11. Nxd5 Qxd5 12. Bg2 Bb4+ 13. Kf1 Bb7 14. h4 Qf5 15. Ne5
Bxg2+ 16. Kxg2 f6 17. Nf3 Nc6 18. Qf4 Qxf4 19. Bxf4 O-O 20. Rhd1 fxg5 21. Bxg5
h6 22. Bd2 Bxd2 23. Rxd2 Rad8 24. Rad1 Nb4 25. a3 Nd5 26. e3 Rf5 27. Ne5 Rh5 28.
e4 Nf6 29. f3 Rxh4 30. Nc6 Re8 31. Nb4 a5 32. Na6 Rh5 33. a4 Rc8 34. e5 Nd5 35.
axb5 Ne3+ 36. Kg3 Rg5+ 37. Kf2 Nxd1+ 38. Rxd1 Rf5 39. Rc1 Rf7 40. b3 Rcf8 41.
bxc4 Rxf3+ 42. Ke2 a4 43. c5 Rb3 44. Nc7 a3 45. Ra1 Rff3 46. d5 Rh3 47. Kf2 Rh2+
48. Kg1 Rc2 49. dxe6 a2 0-1

[Event "72nd ch-RUS w 2022"]
[Site "Cheboksary RUS"]
[Date "2022.09.21"]
[Round "10.1"]
[White "Garifullina, Leya"]
[Black "Guseva, Marina"]
[Result "0-1"]
[WhiteTitle "IM"]
[BlackTitle "IM"]
[WhiteElo "2375"]
[BlackElo "2363"]
[WhiteFideId "34127035"]
[BlackFideId "4149351"]
[EventDate "2022.09.11"]

1. e4 c5 2. Nf3 Nc6 3. Bb5 g6 4. Bxc6 bxc6 5. O-O Bg7 6. Re1 Nh6 7. c3 O-O 8. d4
cxd4 9. cxd4 d5 10. e5 f6 11. e6 Qd6 12. Qe2 c5 13. dxc5 Qxc5 14. Be3 Qd6 15.
Nd4 Ba6 16. Qf3 f5 17. Nb3 Ng4 18. Bf4 Qb4 19. Nc3 Bc4 20. Rad1 Rac8 21. h3 Nf6
22. Be5 Ne4 23. Bxg7 Kxg7 24. Qe3 Bxb3 25. axb3 Nxc3 26. bxc3 Qxc3 27. Qxa7 Rc7
28. Qa3 Rfc8 29. Re3 Qf6 30. Red3 Rc2 31. Rxd5 Re2 32. Rd7 Qxe6 33. Qb4 Rcc2 34.
Qd4+ Qf6 35. Qb4 Rxf2 36. Rxe7+ Kh6 37. Qb7 Rxg2+ 38. Kh1 Rh2+ 39. Kg1 Qg5+ 40.
Kf1 Qf4+ 0-1

[Event "72nd ch-RUS w 2022"]
[Site "Cheboksary RUS"]
[Date "2022.09.21"]
[Round "10.2"]
[White "Pogonina, Natalija"]
[Black "Yakimova, Mariya"]
[Result "1/2-1/2"]
[WhiteTitle "WGM"]
[BlackTitle "WFM"]
[WhiteElo "2453"]
[BlackElo "2252"]
[WhiteFideId "4147855"]
[BlackFideId "34188859"]
[EventDate "2022.09.11"]

1. d4 Nf6 2. Nf3 g6 3. c4 Bg7 4. Nc3 O-O 5. e4 d6 6. Be2 e5 7. O-O Nc6 8. d5 Ne7
9. b4 Nh5 10. Re1 f5 11. a4 Nf6 12. a5 fxe4 13. Ng5 Nf5 14. Ngxe4 Nd4 15. Be3
Bf5 16. Ng3 c6 17. Bd3 Qd7 18. a6 b6 19. Bxd4 exd4 20. Bxf5 gxf5 21. dxc6 Qxc6
22. Nxf5 Qxc4 23. Nxg7 dxc3 24. Ne6 Rf7 25. Qxd6 Ne4 26. Rxe4 Qxe4 27. Ng5 Qe7
28. Nxf7 Qxf7 29. Rc1 Rc8 30. Qg3+ Qg7 31. Qh3 Rc4 32. Qe6+ Qf7 33. Qd6 c2 34.
Qd8+ Kg7 35. Qg5+ Qg6 36. Qe7+ Qf7 37. Qg5+ 1/2-1/2

[Event "72nd ch-RUS w 2022"]
[Site "Cheboksary RUS"]
[Date "2022.09.21"]
[Round "10.3"]
[White "Goltseva, Ekaterina"]
[Black "Ovod, Evgenija"]
[Result "0-1"]
[WhiteTitle "FM"]
[BlackTitle "IM"]
[WhiteElo "2275"]
[BlackElo "2323"]
[WhiteFideId "24173770"]
[BlackFideId "4131827"]
[EventDate "2022.09.11"]

1. d4 d5 2. c4 e6 3. Nc3 Be7 4. Nf3 Nf6 5. Bg5 h6 6. Bh4 O-O 7. e3 b6 8. Be2 Bb7
9. Bxf6 Bxf6 10. cxd5 exd5 11. b4 c6 12. O-O Nd7 13. Qb3 Re8 14. a4 Nf8 15. Rad1
Rc8 16. Rfe1 Rc7 17. Bf1 Ne6 18. a5 Rd7 19. a6 Bc8 20. b5 c5 21. dxc5 Nxc5 22.
Qb4 Ne4 23. Nd4 Nxc3 24. Qxc3 Rc7 25. Qb3 Bxd4 26. Rxd4 Rc5 27. Red1 Qf6 28. Qb1
Bf5 29. Bd3 Be6 30. Rf4 Qc3 31. h3 Rec8 32. Rd4 Qa3 33. Qb4 Qxb4 34. Rxb4 Rc1
35. Rxc1 Rxc1+ 36. Kh2 Kf8 37. e4 dxe4 38. Bxe4 Rc4 39. Rxc4 Bxc4 40. Bc6 Ke7
41. Kg3 Kd6 42. Kf4 Kc5 43. Be8 f6 44. Kf5 Bxb5 45. Bh5 Bd7+ 0-1

[Event "72nd ch-RUS w 2022"]
[Site "Cheboksary RUS"]
[Date "2022.09.21"]
[Round "10.4"]
[White "Gunina, Valentina"]
[Black "Galliamova, Alisa"]
[Result "1-0"]
[WhiteTitle "GM"]
[BlackTitle "IM"]
[WhiteElo "2469"]
[BlackElo "2421"]
[WhiteFideId "4167570"]
[BlackFideId "4129725"]
[EventDate "2022.09.11"]

1. d4 Nf6 2. c4 e6 3. Nf3 d5 4. Nc3 Nbd7 5. cxd5 exd5 6. Bf4 c6 7. e3 Nh5 8. Bg5
Be7 9. Bxe7 Qxe7 10. Qc2 g6 11. Be2 Ng7 12. h4 Nb6 13. Ne5 Bf5 14. Qb3 f6 15.
Nf3 h5 16. Nd2 Nc8 17. O-O-O Nd6 18. Qa3 O-O 19. Rdg1 Qd7 20. Qb3 b5 21. Qd1
Rac8 22. g4 hxg4 23. Bxg4 c5 24. dxc5 Rxc5 25. Nb3 Rxc3+ 26. bxc3 Ne4 27. Bxf5
Qxf5 28. Qc2 Rc8 29. Nd4 Qd7 30. Kb2 b4 31. Ka1 Qe8 32. h5 g5 33. h6 Ne6 34. Qb3
Nxd4 35. cxd4 Qe6 36. Qxb4 Re8 37. Qb7 Re7 38. Qb8+ Kh7 39. Qb1 f5 40. Qc2 Qf6
41. Rb1 g4 42. Rb8 Qe6 43. Rf8 Rb7 44. Rc1 Kxh6 45. f3 Kg7 46. Rd8 Nf6 47. fxg4
Nxg4 48. Qc5 Rf7 49. Rxd5 Qxe3 50. Rd8 a6 51. Rf1 Qd3 52. Rh1 Qg3 53. Qc1 Ne3
54. Rdh8 Ng4 55. Qg5# 1-0

[Event "72nd ch-RUS w 2022"]
[Site "Cheboksary RUS"]
[Date "2022.09.21"]
[Round "10.5"]
[White "Zhapova, Yana"]
[Black "Bivol, Alina"]
[Result "1/2-1/2"]
[WhiteTitle "FM"]
[BlackTitle "IM"]
[WhiteElo "2205"]
[BlackElo "2366"]
[WhiteFideId "24278670"]
[BlackFideId "4100123"]
[EventDate "2022.09.11"]

1. e4 e5 2. Nf3 Nc6 3. Bc4 Nf6 4. d3 h6 5. c3 d6 6. Nbd2 g5 7. h3 Bg7 8. a4 O-O
9. Nf1 d5 10. exd5 Nxd5 11. Ng3 Nf4 12. O-O Na5 13. Ba2 Qxd3 14. Qe1 Nc6 15. Bb1
Qd8 16. b4 a6 17. Ba3 e4 18. Qxe4 f5 19. Ba2+ Kh8 20. Qc2 b5 21. Rad1 Qf6 22. c4
a5 23. cxb5 Nxb4 24. Bxb4 axb4 25. Qxc7 Rxa4 26. Bc4 b3 27. Bxb3 Rb4 28. Bc4 Qc3
29. Rc1 Qf6 30. Rfd1 Qb2 31. Bf1 Be6 32. Qd6 Bg8 33. Rc6 Rb3 34. Nd4 Rxg3 35.
fxg3 Nd5 36. Ne6 Bxe6 37. Qxe6 Nc3 38. Rxc3 Qxc3 39. Qe1 Qc7 40. Qf2 f4 41. gxf4
Rxf4 42. Qe3 Bf8 43. b6 Qc5 44. Qxc5 Bxc5+ 45. Kh1 Bxb6 46. Be2 Bc7 47. Bf3 Rc4
48. Kg1 Bg3 49. Kf1 Kg7 50. Ke2 Kf6 51. Kd3 Rc7 52. Rb1 Rd7+ 53. Ke4 Rd6 54. Rb5
Kg6 55. Rd5 Rb6 56. Kd3 Rd6 57. Ke4 1/2-1/2

[Event "72nd ch-RUS w 2022"]
[Site "Cheboksary RUS"]
[Date "2022.09.21"]
[Round "10.6"]
[White "Girya, Olga"]
[Black "Charochkina, Daria"]
[Result "1/2-1/2"]
[WhiteTitle "GM"]
[BlackTitle "IM"]
[WhiteElo "2395"]
[BlackElo "2348"]
[WhiteFideId "4195752"]
[BlackFideId "4180917"]
[EventDate "2022.09.11"]

1. d4 d5 2. c4 e6 3. Nc3 Nf6 4. cxd5 exd5 5. Bg5 c6 6. e3 Be7 7. Qc2 O-O 8. Bd3
Nbd7 9. Nf3 Re8 10. O-O Nf8 11. h3 Nh5 12. Bxe7 Qxe7 13. Rab1 Be6 14. b4 a6 15.
Na4 Rad8 16. Nc5 Bc8 17. Rfe1 Kh8 18. Ne5 f6 19. Nf3 g5 20. e4 g4 21. hxg4 Bxg4
22. Nh2 Bc8 23. Qd2 Ng6 24. exd5 Qg7 25. Rxe8+ Rxe8 26. Re1 Rg8 27. g3 Ngf4 28.
Qe3 Nxd5 29. Qf3 Qh6 30. Bc4 Nhf4 31. Bxd5 Nxd5 32. Nd3 Bh3 33. a3 Qd2 34. Rd1
Qc2 35. Rc1 Qa2 36. Nc5 Re8 37. Qh5 Rg8 38. Qxh3 Nf4 39. Qf5 Rxg3+ 40. Kh1 Qxf2
41. Qxf6+ Rg7 42. Qf8+ 1/2-1/2

[Event "72nd ch-RUS w 2022"]
[Site "Cheboksary RUS"]
[Date "2022.09.22"]
[Round "11.1"]
[White "Charochkina, Daria"]
[Black "Garifullina, Leya"]
[Result "0-1"]
[WhiteTitle "IM"]
[BlackTitle "IM"]
[WhiteElo "2348"]
[BlackElo "2375"]
[WhiteFideId "4180917"]
[BlackFideId "34127035"]
[EventDate "2022.09.11"]

1. e4 e5 2. d4 exd4 3. Qxd4 Nc6 4. Qc4 Nf6 5. Nc3 Bb4 6. Bd2 O-O 7. O-O-O Re8 8.
f3 d6 9. Qe2 a5 10. Qf2 Ne5 11. h4 c6 12. h5 h6 13. g4 Nfd7 14. g5 hxg5 15. h6
g6 16. Nh3 f6 17. Qg3 Nf8 18. h7+ Nxh7 19. f4 gxf4 20. Nxf4 g5 21. Be2 Re7 22.
Nh5 Rf7 23. Rdf1 b5 24. Qh2 Raa7 25. Be3 Rab7 26. Nd1 Ng6 27. Bd4 Bc5 28. Bc3
Ne5 29. Nf2 Qe7 30. Nd3 Be3+ 31. Kb1 b4 32. Nxe5 dxe5 33. Nxf6+ Rxf6 34. Bc4+
Be6 35. Rxf6 Qxf6 36. Bxe5 Qf7 37. Be2 Bf4 38. Bxf4 Qxf4 39. Qg1 Qe5 40. Rh5 a4 0-1

[Event "72nd ch-RUS w 2022"]
[Site "Cheboksary RUS"]
[Date "2022.09.22"]
[Round "11.2"]
[White "Bivol, Alina"]
[Black "Girya, Olga"]
[Result "1/2-1/2"]
[WhiteTitle "IM"]
[BlackTitle "GM"]
[WhiteElo "2366"]
[BlackElo "2395"]
[WhiteFideId "4100123"]
[BlackFideId "4195752"]
[EventDate "2022.09.11"]

1. e4 e5 2. Nf3 Nc6 3. Bc4 Bc5 4. c3 Nf6 5. d4 exd4 6. cxd4 Bb4+ 7. Nbd2 d5 8.
exd5 Nxd5 9. O-O O-O 10. a3 Bxd2 11. Bxd2 Be6 12. Rc1 h6 13. Re1 Qd6 14. h3 a6
15. b4 Rad8 16. Qc2 Rfe8 17. Bf1 Nf6 18. Bc3 Nd5 19. Bb2 Nce7 20. Ne5 c6 21.
Rcd1 Bf5 22. Qb3 f6 23. Nd3 Ng6 24. Nc5 Re7 25. Bc1 Bc8 26. Bd3 Nf8 27. Bc2 Kh8
28. Ne4 Qe6 29. Rf1 f5 30. Nc3 Ng6 31. Nxd5 Qxd5 32. Qg3 Qf7 33. a4 Be6 34. Rfe1
Rde8 35. Ba3 b5 36. Bc1 Bd5 37. Rxe7 Rxe7 38. axb5 axb5 39. h4 Be4 40. Bb3 Bd5
41. Bxd5 cxd5 42. h5 Nf8 43. Qb8 Kh7 44. f3 Rb7 45. Qd6 Nd7 46. Bf4 Nf6 47. Rc1
Nxh5 48. Be5 f4 49. Qc6 Ng3 50. Qc2+ Qf5 51. Qxf5+ Nxf5 52. Rc5 g5 53. Rxd5 Ra7
54. Rxb5 Ra1+ 55. Kh2 Ng3 56. Bxf4 gxf4 57. Kh3 h5 58. Kh4 Kg6 59. Rb6+ Kf5 60.
Rb5+ Kg6 1/2-1/2

[Event "72nd ch-RUS w 2022"]
[Site "Cheboksary RUS"]
[Date "2022.09.22"]
[Round "11.3"]
[White "Galliamova, Alisa"]
[Black "Zhapova, Yana"]
[Result "1/2-1/2"]
[WhiteTitle "IM"]
[BlackTitle "FM"]
[WhiteElo "2421"]
[BlackElo "2205"]
[WhiteFideId "4129725"]
[BlackFideId "24278670"]
[EventDate "2022.09.11"]

1. d4 d5 2. Nf3 Nf6 3. c3 c5 4. dxc5 e6 5. b4 a5 6. e3 axb4 7. cxb4 b6 8. Bb5+
Bd7 9. Bxd7+ Nbxd7 10. a4 bxc5 11. bxc5 Bxc5 12. O-O O-O 13. Bb2 Qe7 14. Nc3
Rfb8 15. Ra2 Bb4 16. Nd4 Qc5 17. Qa1 e5 1/2-1/2